Керамические пигменты со структурой диортосиликатов; Известия Томского политехнического университета [Известия ТПУ]; Т. 318, № 3 : Химия

Dades bibliogràfiques
Parent link:Известия Томского политехнического университета [Известия ТПУ]/ Томский политехнический университет (ТПУ).— , 2000-
Т. 318, № 3 : Химия.— 2011.— [С. 31-36]
Autor principal: Седельникова М. Б. Мария Борисовна
Altres autors: Лисеенко Н. В. Наталья Владимировна, Погребенков В. М. Валерий Матвеевич
Sumari:Заглавие с титульного листа
Электронная версия печатной публикации
Изучены процессы синтеза керамических пигментов со структурами диортосиликатов - геленита, гардистонита и окерманита при использовании природного волластонита и нефелинового шлама. Установлено, что реакции синтеза идут в области температур 1100…1200 °С более успешно с участием нефелинового шлама, чем с волластонитом, но наличие в нефелиновом шламе оксида железа негативно сказывается на цветовых свойствах кобальт- и никельсодержащих пигментов.
Idioma:rus
Publicat: 2011
Col·lecció:Химия
Matèries:
Accés en línia:http://www.lib.tpu.ru/fulltext/v/Bulletin_TPU/2011/v318/i3/06.pdf
Format: MixedMaterials Electrònic Capítol de llibre
KOHA link:https://koha.lib.tpu.ru/cgi-bin/koha/opac-detail.pl?biblionumber=198727

MARC

LEADER 00000nla2a2200000 4500
001 198727
005 20231031184055.0
035 |a (RuTPU)RU\TPU\book\216739 
035 |a RU\TPU\book\216733 
090 |a 198727 
100 |a 20110707d2011 k y0rusy50 ca 
101 0 |a rus 
102 |a RU 
135 |a drnn ---uucaa 
181 0 |a i  
182 0 |a b 
200 1 |a Керамические пигменты со структурой диортосиликатов  |b Электронный ресурс  |f М. Б. Седельникова, Н. В. Лисеенко, В. М. Погребенков 
203 |a Текст  |c электронный 
215 |a 1 файл (570 Кб) 
225 1 |a Химия 
230 |a Электронные текстовые данные (1 файл : 570 Кб) 
300 |a Заглавие с титульного листа 
300 |a Электронная версия печатной публикации 
320 |a [Библиогр.: с. 36 (7 назв.)] 
330 |a Изучены процессы синтеза керамических пигментов со структурами диортосиликатов - геленита, гардистонита и окерманита при использовании природного волластонита и нефелинового шлама. Установлено, что реакции синтеза идут в области температур 1100…1200 °С более успешно с участием нефелинового шлама, чем с волластонитом, но наличие в нефелиновом шламе оксида железа негативно сказывается на цветовых свойствах кобальт- и никельсодержащих пигментов. 
337 |a Adobe Reader 
461 1 |0 (RuTPU)RU\TPU\book\176237  |t Известия Томского политехнического университета [Известия ТПУ]  |f Томский политехнический университет (ТПУ)  |d 2000- 
463 1 |0 (RuTPU)RU\TPU\book\216295  |y 1684-8519  |t Т. 318, № 3 : Химия  |v [С. 31-36]  |d 2011  |p 164 с. 
610 1 |a диортосиликаты 
610 1 |a хромофоры 
610 1 |a кристаллические структуры 
610 1 |a труды учёных ТПУ 
610 1 |a электронный ресурс 
700 1 |a Седельникова  |b М. Б.  |c российский учёный в области технологии силикатов и наноматериалов  |c доцент Томского политехнического университета  |f 1967-  |g Мария Борисовна  |2 stltpush  |3 (RuTPU)RU\TPU\pers\26201 
701 1 |a Лисеенко  |b Н. В.  |c химик  |c аспирант Томского политехнического университета  |f 1984-  |g Наталья Владимировна  |2 stltpush  |3 (RuTPU)RU\TPU\pers\28571 
701 1 |a Погребенков  |b В. М.  |c российский учёный в области физики высоких технологий  |c профессор Томского политехнического университета  |f 1954-  |g Валерий Матвеевич  |2 stltpush  |3 (RuTPU)RU\TPU\pers\26404 
801 1 |a RU  |b 63413507  |c 20090623  |g PSBO 
801 2 |a RU  |b 63413507  |c 20211227  |g PSBO 
856 4 |u http://www.lib.tpu.ru/fulltext/v/Bulletin_TPU/2011/v318/i3/06.pdf 
942 |c CF